书目信息 |
| 题名: |
中国伦理生活的大趋向
|
|
| 作者: | 王润生 , 王磊 著 | |
| 分册: | ||
| 出版信息: | 贵阳 贵州人民出版社 1986 |
|
| 页数: | 219页 | |
| 开本: | 20cm | |
| 丛书名: | 传统与变革丛书 | |
| 单 册: | ||
| 中图分类: | B824 | |
| 科图分类: | ||
| 主题词: | 社会--道德 | |
| 电子资源: | ||
| ISBN: | ||
| 000 | 00668nam0 2200229 450 | |
| 001 | 0758342713 | |
| 005 | 20070721150312.26 | |
| 091 | @a2115.27@d1.2 | |
| 100 | @a20070719d1986 km y0chiy0120 ea | |
| 101 | 0 | @achi |
| 102 | @aCN@b520000 | |
| 200 | 1 | @a中国伦理生活的大趋向@Azhong guo lun li sheng huo de da qu xiang@f王润生,王磊著@Fwang run sheng,wang lei zhu |
| 210 | @a贵阳@c贵州人民出版社@d1986 | |
| 215 | @a219页@d20cm | |
| 225 | @a传统与变革丛书 | |
| 410 | 0 | @12001 @a传统与变革丛书 |
| 606 | 0 | @a社会@x道德 |
| 690 | @aB824@v3 | |
| 701 | 0 | @a王润生@Awang run sheng@4著 |
| 701 | 0 | @a王磊@Awang lei@4著 |
| 801 | 0 | @aCN@bPFT@c20070721 |
| 905 | @a10447@dB824@e362 | |
| 中国伦理生活的大趋向/王润生,王磊著.-贵阳:贵州人民出版社,1986 |
| 219页;20cm.-(传统与变革丛书) |
| ISBN : |
| ● |
| 相关链接 |
|
|
|
|
正题名:中国伦理生活的大趋向
索取号:B824/362
 
预约/预借
| 序号 | 登录号 | 条形码 | 馆藏地/架位号 | 状态 | 备注 |
| 1 | 0767435 | 207674355 | 第一样本阅览室/ [索取号:B824/362] | 在馆 |